Southville International School and Colleges
Your cart is empty.
  • Cart
  • Lists
    Public lists Eva Luna New books Lux_list list_1
    Your lists Log in to create your own lists
  • Log in to your account
  • Your cookies
  • Search history
Southville International School and Colleges
  • Advanced search
  • Recent comments
  • Most popular
  • Libraries

Log in to your account

Log in with GOOGLE


If you do not have an external account, but do have a local account, you can still log in:

  1. Home
  2. MARC view: Own your own corporation :
Normal view MARC view ISBD view

Own your own corporation : (Record no. 15630)

[ view plain ]
MARC details
000 -LEADER
fixed length control field 01395cam a22003738a 4500
001 - CONTROL NUMBER
control field 15193232
003 - CONTROL NUMBER IDENTIFIER
control field OSt
005 - DATE AND TIME OF LATEST TRANSACTION
control field 20140310182745.0
008 - FIXED-LENGTH DATA ELEMENTS--GENERAL INFORMATION
fixed length control field 080225s2008 nyu 000 0 eng
010 ## - LIBRARY OF CONGRESS CONTROL NUMBER
LC control number 2008007662
020 ## - INTERNATIONAL STANDARD BOOK NUMBER
International Standard Book Number 9780446539067
020 ## - INTERNATIONAL STANDARD BOOK NUMBER
International Standard Book Number 0446539066
040 ## - CATALOGING SOURCE
Original cataloging agency DLC
Transcribing agency DLC
Modifying agency DLC
050 00 - LIBRARY OF CONGRESS CALL NUMBER
Classification number HD 62.7
Item number .Su977 2008
100 1# - MAIN ENTRY--PERSONAL NAME
Personal name Sutton, Garrett.
245 10 - TITLE STATEMENT
Title Own your own corporation :
Remainder of title why the rich own their own companies and everyone else works for them /
Statement of responsibility, etc Garrett Sutton.
260 ## - PUBLICATION, DISTRIBUTION, ETC. (IMPRINT)
Place of publication, distribution, etc New York :
Name of publisher, distributor, etc Business Plus,
Date of publication, distribution, etc 2008.
263 ## - PROJECTED PUBLICATION DATE
Projected publication date 0806
300 ## - PHYSICAL DESCRIPTION
Extent 240 p. :
Dimensions 23 cm.
490 0# - SERIES STATEMENT
Series statement Rich dad's adivisors
521 ## - TARGET AUDIENCE NOTE
Target audience note
562 ## - COPY AND VERSION IDENTIFICATION NOTE
Number of copies For circulation. 1 copy available in the collection
650 #0 - SUBJECT ADDED ENTRY--TOPICAL TERM
Topical term or geographic name as entry element Small business
General subdivision Management.
650 #0 - SUBJECT ADDED ENTRY--TOPICAL TERM
Topical term or geographic name as entry element Home-based businesses
General subdivision Management.
650 #0 - SUBJECT ADDED ENTRY--TOPICAL TERM
Topical term or geographic name as entry element Self-employed.
650 #0 - SUBJECT ADDED ENTRY--TOPICAL TERM
Topical term or geographic name as entry element Small business
General subdivision Law and legislation.
856 41 - ELECTRONIC LOCATION AND ACCESS
Materials specified Table of contents only
Uniform Resource Identifier <a href="http://www.loc.gov/catdir/toc/ecip0811/2008007662.html">http://www.loc.gov/catdir/toc/ecip0811/2008007662.html</a>
856 42 - ELECTRONIC LOCATION AND ACCESS
Materials specified Contributor biographical information
Uniform Resource Identifier <a href="http://www.loc.gov/catdir/enhancements/fy0810/2008007662-b.html">http://www.loc.gov/catdir/enhancements/fy0810/2008007662-b.html</a>
856 42 - ELECTRONIC LOCATION AND ACCESS
Materials specified Publisher description
Uniform Resource Identifier <a href="http://www.loc.gov/catdir/enhancements/fy0901/2008007662-d.html">http://www.loc.gov/catdir/enhancements/fy0901/2008007662-d.html</a>
906 ## - LOCAL DATA ELEMENT F, LDF (RLIN)
a 7
b rix
c orignew
d 1
e ecip
f 20
g y-gencatlg
942 ## - ADDED ENTRY ELEMENTS (KOHA)
Source of classification or shelving scheme Library of Congress Classification
Koha item type Books
Call number prefix Foreign
Holdings
Withdrawn status Lost status Source of classification or shelving scheme Damaged status Home library Current library Shelving location Date acquired Source of acquisition Cost, normal purchase price Total Checkouts Full call number Barcode Date last seen Copy number Price effective from Koha item type
    Library of Congress Classification   College Library College Library General Circulation Section 01/04/2011   795.00   HD 62.7 .Su977 2008 C11848 05/15/2018 1 10/18/2013 Books

Own your own corporation :

APA

Sutton G., . (2008). Own your own corporation. New York: Business Plus.

Chicago

Sutton Garrett, . 2008. Own your own corporation. New York: Business Plus.

Harvard

Sutton G., . (2008). Own your own corporation. New York: Business Plus.

MLA

Sutton Garrett, . Own your own corporation. New York: Business Plus. 2008.

  • Place hold
  • Print
  • Cite
  • Add to your cart (remove)
  • Save record
    BIBTEX Dublin Core MARCXML MARC (non-Unicode/MARC-8) MARC (Unicode/UTF-8) MARC (Unicode/UTF-8, Standard) MODS (XML) RIS
  • More searches
    Search for this title in:
    Other Libraries (WorldCat) Other Databases (Google Scholar) Online Stores (Bookfinder.com) Open Library (openlibrary.org)

Exporting to Dublin Core...

SOUTHVILLE LIBRARY

Southville International School and Colleges Library

1281 Tropical Ave. Cor. Luxembourg St., BF Homes International, Las Pinas City

Tel. No. 8256374 / 252358 Loc. 117/146

Powered by Koha